Arctic Monkeys Songs per Album (WPSIATWIN - The Car) - Statistics

General Stats
  • This quiz has been taken 338 times
    270 since last reset
  • The average score is 49 of 80
Answer Stats
Album Answer % Correct
AM (2013) 1 Do I Wanna Know?
87%
Suck It and See (2011) 11 Suck It and See
85%
Whatever People Say I Am, That's What I'm Not (2006) 2 I Bet You Look Good on the Dance Floor
84%
Favourite Worst Nightmare (2007) 12 505
82%
AM (2013) 4 Arabella
81%
AM (2013) 12 I Wanna Be Yours
81%
AM (2013) 2 R U Mine?
81%
AM (2013) 11 Knee Socks
80%
Whatever People Say I Am, That's What I'm Not (2006) 9 Mardy Bum
79%
The Car (2022) 6 The Car
78%
Favourite Worst Nightmare (2007) 1 Brianstorm
77%
Humbug (2009) 7 Cornerstone
77%
Humbug (2009) 2 Crying Lightning
77%
AM (2013) 9 Why'd You Only Call Me When You're High?
77%
Whatever People Say I Am, That's What I'm Not (2006) 11 When the Sun Goes Down
76%
AM (2013) 6 No. 1 Party Anthem
75%
Favourite Worst Nightmare (2007) 2 Teddy Picker
75%
AM (2013) 10 Snap Out of It
74%
AM (2013) 8 Fireside
71%
AM (2013) 7 Mad Sounds
71%
The Car (2022) 5 Body Paint
70%
Favourite Worst Nightmare (2007) 5 Fluorescent Adolescent
70%
Humbug (2009) 1 My Propeller
70%
Favourite Worst Nightmare (2007) 11 Old Yellow Bricks
70%
Whatever People Say I Am, That's What I'm Not (2006) 1 The View from the Afternoon
70%
Tranquility Base Hotel & Casino (2018) 4 Tranquility Base Hotel & Casino
69%
Favourite Worst Nightmare (2007) 4 Balaclava
68%
Favourite Worst Nightmare (2007) 3 D Is for Dangerous
68%
Whatever People Say I Am, That's What I'm Not (2006) 3 Fake Tales of San Francisco
68%
Whatever People Say I Am, That's What I'm Not (2006) 4 Dancing Shoes
67%
Tranquility Base Hotel & Casino (2018) 6 Four Out of Five
67%
Whatever People Say I Am, That's What I'm Not (2006) 7 Riot Van
67%
The Car (2022) 1 There'd Better Be a Mirrorball
67%
Whatever People Say I Am, That's What I'm Not (2006) 13 A Certain Romance
65%
AM (2013) 3 One for the Road
64%
Humbug (2009) 9 Pretty Visitors
64%
Humbug (2009) 4 Secret Door
62%
Suck It and See (2011) 9 Piledriver Waltz
61%
Suck It and See (2011) 1 She's Thunderstorms
61%
Whatever People Say I Am, That's What I'm Not (2006) 12 From the Ritz to the Rubble
60%
Favourite Worst Nightmare (2007) 6 Only Ones Who Know
60%
Tranquility Base Hotel & Casino (2018) 1 Star Treatment
60%
AM (2013) 5 I Want It All
59%
Suck It and See (2011) 2 Black Treacle
58%
Favourite Worst Nightmare (2007) 7 Do Me a Favour
58%
Favourite Worst Nightmare (2007) 8 This House Is a Circus
58%
Suck It and See (2011) 3 Brick by Brick
57%
Tranquility Base Hotel & Casino (2018) 11 The Ultracheese
57%
Suck It and See (2011) 10 Love Is a Laserquest
56%
The Car (2022) 9 Mr Schwartz
56%
The Car (2022) 3 Sculptures of Anything Goes
56%
Whatever People Say I Am, That's What I'm Not (2006) 6 Still Take You Home
56%
Humbug (2009) 10 The Jeweller's Hands
56%
The Car (2022) 8 Hello You
55%
Whatever People Say I Am, That's What I'm Not (2006) 10 Perhaps Vampires Is a Bit Strong, But...
55%
Suck It and See (2011) 5 Don't Sit Down 'cause I've Moved Your Chair
54%
Whatever People Say I Am, That's What I'm Not (2006) 8 Red Light Indicates Doors Are Secured
54%
Humbug (2009) 3 Dangerous Animals
53%
The Car (2022) 4 Jet Skis on the Moat
53%
Tranquility Base Hotel & Casino (2018) 2 One-Point Perspective
53%
Favourite Worst Nightmare (2007) 10 The Bad Thing
52%
Favourite Worst Nightmare (2007) 9 If You Were There, Beware
50%
Tranquility Base Hotel & Casino (2018) 10 Batphone
49%
The Car (2022) 2 I Ain't Quite Where I Think I Am
49%
Humbug (2009) 5 Potion Approaching
49%
The Car (2022) 10 Perfect Sense
48%
The Car (2022) 7 Big Ideas
47%
Humbug (2009) 8 Dance, Little Liar
47%
Humbug (2009) 6 Fire and the Thud
47%
Suck It and See (2011) 6 Library Pictures
47%
Tranquility Base Hotel & Casino (2018) 9 She Looks like Fun
45%
Suck It and See (2011) 4 The Hellcat Spangled Shalalala
45%
Tranquility Base Hotel & Casino (2018) 7 The World's First Ever Monster Truck Front Flip
45%
Whatever People Say I Am, That's What I'm Not (2006) 5 You Probably Couldn't See for the Lights, But You Were Staring Straight at Me
45%
Tranquility Base Hotel & Casino (2018) 5 Golden Trunks
44%
Tranquility Base Hotel & Casino (2018) 3 American Sports
43%
Suck It and See (2011) 12 That's Where You're Wrong
43%
Suck It and See (2011) 8 Reckless Serenade
39%
Tranquility Base Hotel & Casino (2018) 8 Science Fiction
39%
Suck It and See (2011) 7 All My Own Stunts
36%
No matching quizzes found
Score Distribution
Percent of People with Each Score
Percentile by Number Answered
Your Score History
You have not taken this quiz since the last reset